Zahraničné skúsenosti v oblasti partnerstva verejného a súkromného sektora pri financovaní verejných statkov dlhodobej spotreby diplomová práca

Salvato in:
Dettagli Bibliografici
Autore principale: Kovácsová, Monika
Ente Autore: Národohospodárska fakulta EU. Katedra verejnej správy a regionálneho rozvoja
Altri autori: Kozovský, Dušan
Natura: Libro
Lingua:slovacco
Pubblicazione: Bratislava 2009
Tags: Aggiungi Tag
Nessun Tag, puoi essere il primo ad aggiungerne!!

MARC

LEADER 00000nam$a2200000$$$4500
001 0098414
005 20240319125008.1
041 0 |a slo 
044 |a SK 
245 1 0 |a Zahraničné skúsenosti v oblasti partnerstva verejného a súkromného sektora pri financovaní verejných statkov dlhodobej spotreby  |b diplomová práca  |c Monika Kovácsová ; škol. Dušan Kozovský 
264 1 |a Bratislava  |c 2009 
300 |a 90 s. 
100 1 |a Kovácsová, Monika 
700 1 |a Kozovský, Dušan 
710 2 |a Národohospodárska fakulta EU. Katedra verejnej správy a regionálneho rozvoja